000 003780000a22001450004500
041 0 _aENG
082 0 4 _aG 615.855 F6633f
245 1 0 _aFamily therapy glossary / Vincent D. Foley, Craig A. Everett, Editores
300 _a30 Pag
001 10429
942 _cBK
999 _c39986
_d39986
336 _atexto
_btxt
_2rdacontent
337 _2rdamedia
_asin mediación
_bn
338 _2rdacarrier
_avolumen
_bnc